[Event "Gibtelecom Festival 2010 - Challenger 2"]
[Site "Gibraltar ENG"]
[Date "2010.02.02"]
[Round "3.20"]
[White "Helin, Mikael"]
[Black "Gandrud, Vegar Koi"]
[Result "0-1"]
[WhiteElo "1972"]
[BlackElo "2158"]
[PlyCount "96"]
[EventDate "2010.01.31"]
[EventType "swiss"]
[EventRounds "5"]
[EventCountry "ENG"]
[Source "lmi"]
[SourceDate "2010.01.31"]

1. e4 d5 2. d4 dxe4 3. Nc3 Nf6 4. f3 exf3 5. Nxf3 Bg4 6. h3 Bh5 7. g4 Bg6 8.
Ne5 e6 9. Qf3 c6 10. Bf4 Bb4 11. Nxg6 hxg6 12. Bg2 Qxd4 13. Rd1 Qc4 14. a3 Nd5
15. Be5 Bxc3+ 16. bxc3 Nd7 17. Bxg7 Rh7 18. Bd4 c5 19. Bf1 Qa4 20. Bf2 Qxa3 21.
Bb5 O-O-O 22. O-O Ne5 23. Qg3 Qxc3 24. Rxd5 Qxg3+ 25. Bxg3 Rxd5 26. c4 Rxh3 27.
Bf4 g5 28. cxd5 gxf4 29. Rxf4 exd5 30. Rf5 Re3 31. g5 d4 32. Kf2 a6 33. Be2 Kd8
34. Bh5 Ke8 35. Bxf7+ Nxf7 36. Rxc5 Re6 37. Rc7 Nd6 38. Rc1 Ne4+ 39. Ke2 Nxg5+
40. Kd3 Rd6 41. Re1+ Kd8 42. Re5 Ne6 43. Rf5 Kc7 44. Rf7+ Kc6 45. Rh7 Nc5+ 46.
Kc4 d3 47. Rh5 d2 48. Rxc5+ Kd7 0-1

[Event "Gibtelecom Festival 2010 - Challenger 2"]
[Site "Gibraltar ENG"]
[Date "2010.02.02"]
[Round "3.21"]
[White "Bauer, Peter"]
[Black "Molina, Antonio"]
[Result "1-0"]
[WhiteElo "1944"]
[BlackElo "2148"]
[PlyCount "109"]
[EventDate "2010.01.31"]
[EventType "swiss"]
[EventRounds "5"]
[EventCountry "ENG"]
[Source "lmi"]
[SourceDate "2010.01.31"]

1. d4 Nf6 2. c4 g6 3. Nc3 Bg7 4. e4 d6 5. Nf3 O-O 6. Be2 e5 7. O-O Nc6 8. d5
Ne7 9. Ne1 Nd7 10. f3 f5 11. g4 Kh8 12. Be3 f4 13. Bf2 g5 14. Nd3 Ng6 15. c5
Nf6 16. cxd6 cxd6 17. Rc1 Rf7 18. Nb5 a6 19. Nc3 Bf8 20. Na4 Nd7 21. Qb3 Qf6
22. Nb6 Nxb6 23. Qxb6 h5 24. h3 Rh7 25. Kg2 Be7 26. a4 Bd8 27. Qb4 Nh4+ 28.
Bxh4 gxh4 29. Kh2 Rb8 30. b3 Bd7 31. Nb2 a5 32. Qd2 Qh6 33. Nc4 b6 34. Qc3 Rc8
35. Qd2 Rg7 36. Rg1 Kh7 37. Na3 hxg4 38. fxg4 Rxc1 39. Qxc1 Qf6 40. Qc3 Be8 41.
Qf3 Rc7 42. Rf1 Rc5 43. Bb5 Bg6 44. Nc4 Bc7 45. Bd7 Kg7 46. Bf5 Be8 47. g5 Qf8
48. g6 b5 49. axb5 Bxb5 50. Qh5 Bxc4 51. Qh7+ Kf6 52. Rg1 Bxd5 53. g7 Qg8 54.
Qxh4+ Kf7 55. exd5 1-0

[Event "Gibtelecom Festival 2010 - Challenger 2"]
[Site "Gibraltar ENG"]
[Date "2010.02.02"]
[Round "3.22"]
[White "Lipecki, Alexander"]
[Black "Jacobsen, Fredrik Beer"]
[Result "1-0"]
[WhiteElo "2146"]
[BlackElo "1952"]
[PlyCount "65"]
[EventDate "2010.01.31"]
[EventType "swiss"]
[EventRounds "5"]
[EventCountry "ENG"]
[Source "lmi"]
[SourceDate "2010.01.31"]

1. e3 f5 2. d4 Nf6 3. c4 g6 4. g3 Bg7 5. Bg2 O-O 6. Ne2 d6 7. Qb3 c6 8. d5 Qe8
9. c5 cxd5 10. cxd6 exd6 11. Nbc3 Na6 12. Nxd5 Nxd5 13. Qxd5+ Kh8 14. O-O Qe5
15. Qd1 Rb8 16. Rb1 b6 17. Qa4 Nc5 18. Qxa7 Ba6 19. b4 Bxe2 20. Re1 Ne4 21. Bb2
Nc3 22. Bxc3 Qxc3 23. Rxe2 Rbc8 24. a4 Qd3 25. Ree1 Rc2 26. Rf1 g5 27. Rbd1 Qe2
28. Rde1 Qd2 29. Qxb6 f4 30. Rd1 Qe2 31. exf4 gxf4 32. Qxd6 Be5 33. Qxf8# 1-0

[Event "Gibtelecom Festival 2010 - Challenger 2"]
[Site "Gibraltar ENG"]
[Date "2010.02.02"]
[Round "3.23"]
[White "Skage, Oystein Aagedal"]
[Black "Thingstad, Even"]
[Result "1-0"]
[WhiteElo "1935"]
[BlackElo "2141"]
[PlyCount "101"]
[EventDate "2010.01.31"]
[EventType "swiss"]
[EventRounds "5"]
[EventCountry "ENG"]
[Source "lmi"]
[SourceDate "2010.01.31"]

1. e4 e5 2. Nf3 Nc6 3. Bb5 a6 4. Ba4 Nf6 5. O-O Be7 6. Re1 b5 7. Bb3 O-O 8. h3
d6 9. c3 Na5 10. Bc2 c5 11. d4 Qc7 12. Nbd2 Nc6 13. d5 Nd8 14. Nf1 Ne8 15. g4
g6 16. N3h2 Ng7 17. f4 exf4 18. Bxf4 f6 19. a4 Rb8 20. axb5 axb5 21. b4 Nf7 22.
Nd2 cxb4 23. cxb4 Qc3 24. Rb1 Bd8 25. Rb3 Bb6+ 26. Kh1 Qc7 27. Bd3 Bd7 28. Nhf3
Ne5 29. Nxe5 fxe5 30. Bg5 Rf2 31. Bh4 Rf7 32. Rf1 Rbf8 33. Rxf7 Rxf7 34. Nb1
Bd4 35. Na3 Qb6 36. Qe2 Bf2 37. Bg5 Bg1 38. Nxb5 Bxb5 39. Bxb5 Rf2 40. Be3 Rxe2
41. Bxb6 Bxb6 42. Bxe2 Ne8 43. Rc3 Kf8 44. Rc6 Bc7 45. b5 Ke7 46. b6 Bxb6 47.
Rxb6 Nf6 48. Bf3 g5 49. Rb7+ Kf8 50. h4 h6 51. h5 1-0

[Event "Gibtelecom Festival 2010 - Challenger 2"]
[Site "Gibraltar ENG"]
[Date "2010.02.02"]
[Round "3.24"]
[White "Aerni, Andi"]
[Black "Rujan, Rodel-Marinel"]
[Result "1/2-1/2"]
[WhiteElo "2137"]
[BlackElo "1940"]
[PlyCount "96"]
[EventDate "2010.01.31"]
[EventType "swiss"]
[EventRounds "5"]
[EventCountry "ENG"]
[Source "lmi"]
[SourceDate "2010.01.31"]

1. d4 d5 2. c4 e6 3. Nc3 Nf6 4. cxd5 exd5 5. Bg5 Be7 6. e3 c6 7. Qc2 h6 8. Bf4
Bd6 9. Bxd6 Qxd6 10. Bd3 b5 11. Nxb5 Qe7 12. Nf3 O-O 13. Nc3 Na6 14. a3 c5 15.
dxc5 Nxc5 16. O-O a5 17. Rfd1 Bb7 18. Nd4 g6 19. Bb5 Rfc8 20. Qe2 a4 21. h3 Kg7
22. Rdc1 Ne8 23. Bxe8 Rxe8 24. Qg4 Kh7 25. Qg3 Rec8 26. Ncb5 Ra6 27. Rab1 Rb6
28. b4 axb3 29. a4 Ne4 30. Rc7 Rxc7 31. Qxc7 Qxc7 32. Nxc7 Nc3 33. Rxb3 Rxb3
34. Nxb3 Nxa4 35. Na5 Bc8 36. Nxd5 Be6 37. Nf4 Ba2 38. g4 Nc3 39. Nc6 Kg7 40.
Nd4 Bc4 41. Kg2 Ne4 42. f3 Nd6 43. Nfe2 Kf6 44. h4 Bd5 45. Ng3 Bb7 46. h5 Nc4
47. Kf2 Ne5 48. Nge2 Bxf3 1/2-1/2

[Event "Gibtelecom Festival 2010 - Challenger 2"]
[Site "Gibraltar ENG"]
[Date "2010.02.02"]
[Round "3.25"]
[White "Popa-Matei, Viorel-Ovidiu"]
[Black "Moreno Cervera, Jose Luis"]
[Result "1-0"]
[WhiteElo "2137"]
[BlackElo "1929"]
[PlyCount "67"]
[EventDate "2010.01.31"]
[EventType "swiss"]
[EventRounds "5"]
[EventCountry "ENG"]
[Source "lmi"]
[SourceDate "2010.01.31"]

1. e4 c5 2. d4 cxd4 3. c3 d3 4. Bxd3 d6 5. c4 g6 6. h3 Bg7 7. Nf3 Nc6 8. Nc3
Bxc3+ 9. bxc3 Ne5 10. O-O h5 11. Nxe5 dxe5 12. Qe2 Be6 13. f4 exf4 14. Bxf4 f6
15. c5 Qc8 16. e5 Qxc5+ 17. Be3 Qxe5 18. Bxg6+ Bf7 19. Qd3 Bxg6 20. Qxg6+ Kf8
21. Bd4 Qe6 22. Rae1 Qf7 23. Qe4 Qxa2 24. Bxf6 exf6 25. Qb4+ Kg7 26. Qxb7+ Qf7
27. Qxa8 Nh6 28. Qe4 Rc8 29. Re3 Rc4 30. Rg3+ Kh8 31. Qa8+ Kh7 32. Rb1 Nf5 33.
Rb7 Ne7 34. Rxe7 1-0

[Event "Gibtelecom Festival 2010 - Challenger 2"]
[Site "Gibraltar ENG"]
[Date "2010.02.02"]
[Round "3.26"]
[White "Vinas Guerrero, Carlos A"]
[Black "Gravett, Alan D"]
[Result "1-0"]
[WhiteElo "2120"]
[BlackElo "1926"]
[PlyCount "23"]
[EventDate "2010.01.31"]
[EventType "swiss"]
[EventRounds "5"]
[EventCountry "ENG"]
[Source "lmi"]
[SourceDate "2010.01.31"]

1. e4 c5 2. Nf3 d6 3. Nc3 Nf6 4. d4 cxd4 5. Qxd4 Nc6 6. Bb5 Qa5 7. O-O e5 8.
Qc4 Bd7 9. Ng5 Nd8 10. b4 d5 11. Nxd5 Bxb5 12. Nc7+ 1-0

[Event "Gibtelecom Festival 2010 - Challenger 2"]
[Site "Gibraltar ENG"]
[Date "2010.02.02"]
[Round "3.27"]
[White "Grant, David"]
[Black "Straub, Peter"]
[Result "1/2-1/2"]
[WhiteElo "1913"]
[BlackElo "2116"]
[PlyCount "52"]
[EventDate "2010.01.31"]
[EventType "swiss"]
[EventRounds "5"]
[EventCountry "ENG"]
[Source "lmi"]
[SourceDate "2010.01.31"]

1. e4 c5 2. c3 Nf6 3. e5 Nd5 4. d4 cxd4 5. cxd4 e6 6. Nc3 d6 7. Ne4 dxe5 8.
dxe5 Qc7 9. Nf3 Nc6 10. Bd2 Be7 11. Rc1 O-O 12. Bd3 Qb8 13. O-O Nxe5 14. Nxe5
Qxe5 15. Re1 Qd4 16. Bg5 f5 17. Bxe7 Nxe7 18. Nc5 Nc6 19. Qb3 Kh8 20. Nxe6 Bxe6
21. Rxe6 Qf4 22. Rc4 Qg5 23. Qc3 Rad8 24. h4 Qh5 25. Be2 Qf7 26. Re3 Qf6
1/2-1/2

[Event "Gibtelecom Festival 2010 - Challenger 2"]
[Site "Gibraltar ENG"]
[Date "2010.02.02"]
[Round "3.28"]
[White "Knight, Simon"]
[Black "Plater, Ronald"]
[Result "1-0"]
[WhiteElo "2104"]
[BlackElo "1904"]
[PlyCount "65"]
[EventDate "2010.01.31"]
[EventType "swiss"]
[EventRounds "5"]
[EventCountry "ENG"]
[Source "lmi"]
[SourceDate "2010.01.31"]

1. e4 c5 2. Nf3 e6 3. d4 cxd4 4. Nxd4 a6 5. Be2 Nf6 6. Nc3 Qc7 7. O-O b5 8. Bf3
Bb7 9. Re1 d6 10. Bg5 Nbd7 11. Rc1 Rc8 12. a4 bxa4 13. Nxa4 Qa5 14. Bxf6 Nxf6
15. c4 Be7 16. b4 Qg5 17. e5 dxe5 18. Bxb7 exd4 19. Bxc8 O-O 20. Bxa6 Bxb4 21.
Re2 Rd8 22. Rb1 Qa5 23. Reb2 Bd6 24. c5 Bc7 25. Bd3 Nd5 26. Qc2 g6 27. Nb6 Nc3
28. Rc1 Qxc5 29. Na4 Qd6 30. g3 Ba5 31. Nxc3 dxc3 32. Rb5 Bb4 33. Qb3 1-0

[Event "Gibtelecom Festival 2010 - Challenger 2"]
[Site "Gibraltar ENG"]
[Date "2010.02.02"]
[Round "3.29"]
[White "Livesey, Nigel"]
[Black "Navarro Perez, Manuel"]
[Result "0-1"]
[WhiteElo "1894"]
[BlackElo "2099"]
[PlyCount "88"]
[EventDate "2010.01.31"]
[EventType "swiss"]
[EventRounds "5"]
[EventCountry "ENG"]
[Source "lmi"]
[SourceDate "2010.01.31"]

1. c4 e5 2. g3 Nc6 3. Bg2 f5 4. Nc3 Nf6 5. d3 Bc5 6. e3 O-O 7. Nge2 d6 8. O-O
Qe8 9. d4 Bb6 10. Na4 Bd7 11. Nxb6 axb6 12. Nc3 e4 13. a3 Kh8 14. Bd2 Ne7 15.
b4 g5 16. a4 Ng6 17. b5 Qf7 18. Qe2 Be6 19. d5 Bd7 20. f3 Qe7 21. fxe4 fxe4 22.
Rxf6 Qxf6 23. Rf1 Qg7 24. Nxe4 Rxf1+ 25. Bxf1 Ne5 26. Bc3 g4 27. Qb2 Bf5 28.
Bd3 Bxe4 29. Bxe4 Rxa4 30. Qc2 Ra3 31. Bd4 Kg8 32. Kg2 Qh6 33. Qe2 Qh3+ 34. Kg1
Ra8 35. Bf5 Qh5 36. Be6+ Kf8 37. Qf2+ Nf3+ 38. Kf1 Qh3+ 39. Qg2 Nxh2+ 40. Kg1
Nf3+ 41. Kf1 Nxd4 42. Qxh3 Ra1+ 43. Kf2 Ra2+ 44. Kf1 gxh3 0-1

[Event "Gibtelecom Festival 2010 - Challenger 2"]
[Site "Gibraltar ENG"]
[Date "2010.02.02"]
[Round "3.30"]
[White "Fegan, Chris"]
[Black "Pereira, Johnharry"]
[Result "0-1"]
[WhiteElo "2093"]
[BlackElo "1892"]
[PlyCount "58"]
[EventDate "2010.01.31"]
[EventType "swiss"]
[EventRounds "5"]
[EventCountry "ENG"]
[Source "lmi"]
[SourceDate "2010.01.31"]

1. e4 c6 2. d4 d5 3. e5 Bf5 4. c4 e6 5. Qb3 Qb6 6. c5 Qc7 7. Nc3 b6 8. Be3 bxc5
9. dxc5 Nd7 10. Nf3 Bxc5 11. Nd4 Bxd4 12. Bxd4 Ne7 13. f4 O-O 14. Qa3 Ng6 15.
g3 f6 16. exf6 Nxf6 17. Rc1 e5 18. Nb5 Qb8 19. fxe5 Nxe5 20. Nd6 Be4 21. Bxe5
Bxh1 22. Bh3 Qb6 23. Be6+ Kh8 24. Qc3 Rae8 25. Nxe8 Rxe8 26. Bxf6 Rxe6+ 27. Be5
d4 28. Qc5 Qxc5 29. Rxc5 Bd5 0-1

[Event "Gibtelecom Festival 2010 - Challenger 2"]
[Site "Gibraltar ENG"]
[Date "2010.02.02"]
[Round "3.32"]
[White "Wiltshire, Michael R"]
[Black "Jameson, David"]
[Result "0-1"]
[WhiteElo "1816"]
[BlackElo "2053"]
[PlyCount "52"]
[EventDate "2010.01.31"]
[EventType "swiss"]
[EventRounds "5"]
[EventCountry "ENG"]
[Source "lmi"]
[SourceDate "2010.01.31"]

1. d4 d5 2. e4 dxe4 3. Nc3 Nf6 4. f3 exf3 5. Nxf3 g6 6. Bc4 Bg7 7. O-O O-O 8.
Bb3 Nc6 9. a3 Bg4 10. Ne2 e5 11. d5 e4 12. Ng5 Bxe2 13. Qxe2 Nd4 14. Qe3 Nxb3
15. cxb3 Qxd5 16. Bd2 h6 17. Nh3 Ng4 18. Qe2 h5 19. Rad1 Bxb2 20. Bb4 Qe5 21.
g3 Bd4+ 22. Kh1 c5 23. Bd2 e3 24. Be1 Qd5+ 25. Kg1 Rae8 26. b4 Nf2 0-1

[Event "Gibtelecom Festival 2010 - Challenger 2"]
[Site "Gibraltar ENG"]
[Date "2010.02.02"]
[Round "3.33"]
[White "Flores Chico, Jorge"]
[Black "Nwachukwu, Chino"]
[Result "1-0"]
[WhiteElo "2052"]
[BlackElo "1848"]
[PlyCount "107"]
[EventDate "2010.01.31"]
[EventType "swiss"]
[EventRounds "5"]
[EventCountry "ENG"]
[Source "lmi"]
[SourceDate "2010.01.31"]

1. d4 Nf6 2. Nc3 g6 3. Bg5 Bg7 4. Qd2 d5 5. f3 Bf5 6. g4 Be6 7. O-O-O h6 8. Bf4
c6 9. Na4 Nbd7 10. Kb1 b5 11. Nc5 Nxc5 12. dxc5 a5 13. e3 Nd7 14. e4 Nxc5 15.
e5 Nd7 16. Re1 Qb8 17. Ne2 Bxe5 18. Bxe5 Nxe5 19. Nf4 g5 20. Nxe6 fxe6 21. Qc3
Nf7 22. Qxc6+ Kf8 23. Bxb5 Nd6 24. Bd3 Kf7 25. f4 Qb7 26. Qxb7 Nxb7 27. fxg5
hxg5 28. Rhf1+ Ke8 29. Rxe6 Nc5 30. Re5 Nxd3 31. cxd3 Rxh2 32. Rxg5 Kd7 33.
Rxd5+ Kc6 34. Rdf5 Rd2 35. R5f2 Rxd3 36. Rg2 Rg8 37. Rf5 a4 38. Kc2 Re3 39. g5
Re6 40. Ra5 Reg6 41. Ra6+ Kb5 42. Rxg6 Rxg6 43. Kd3 e6 44. Ke4 Kc5 45. Ke5 Kc4
46. Rg3 Kc5 47. Kf4 Kd4 48. Ra3 e5+ 49. Kf5 Ra6 50. g6 e4 51. g7 Ra5+ 52. Kf4
Ra8 53. Rxa4+ Rxa4 54. g8=Q 1-0

[Event "Gibtelecom Festival 2010 - Challenger 2"]
[Site "Gibraltar ENG"]
[Date "2010.02.02"]
[Round "3.34"]
[White "Wright, Jonathan"]
[Black "Obiamiwe, Paul"]
[Result "1-0"]
[WhiteElo "1808"]
[BlackElo "2046"]
[PlyCount "85"]
[EventDate "2010.01.31"]
[EventType "swiss"]
[EventRounds "5"]
[EventCountry "ENG"]
[Source "lmi"]
[SourceDate "2010.01.31"]

1. e4 c5 2. Nc3 Nc6 3. g3 g6 4. Bg2 Bg7 5. Nge2 e6 6. d3 d6 7. Bf4 a6 8. Qd2
Rb8 9. O-O Nge7 10. Rae1 O-O 11. Bh6 Nd4 12. Bxg7 Kxg7 13. Nf4 Nec6 14. Nh3 Bd7
15. f4 f5 16. Nd1 Qf6 17. c3 Nb5 18. Ne3 Rfd8 19. Nc4 Be8 20. a4 Nc7 21. Nxd6
Qe7 22. e5 Qd7 23. g4 b5 24. Bf3 Kh8 25. Qg2 Na5 26. Ng5 Qe7 27. Qh3 bxa4 28.
Ndf7+ Qxf7 29. Nxf7+ Bxf7 30. Qh4 Nd5 31. Bxd5 Rxd5 32. Qf6+ Kg8 33. gxf5 exf5
34. Qxa6 Nb3 35. Rd1 Rdd8 36. Qf6 Re8 37. Rfe1 Re6 38. Qh4 Ree8 39. Qf2 Bd5 40.
Re3 Re6 41. h4 h5 42. Kh2 Rbb6 43. Rg1 1-0

[Event "Gibtelecom Festival 2010 - Challenger 2"]
[Site "Gibraltar ENG"]
[Date "2010.02.02"]
[Round "3.35"]
[White "Pettersen, Joar Gullestad"]
[Black "Sigamoney, Cyril S"]
[Result "1-0"]
[WhiteElo "2020"]
[BlackElo "1783"]
[PlyCount "131"]
[EventDate "2010.01.31"]
[EventType "swiss"]
[EventRounds "5"]
[EventCountry "ENG"]
[Source "lmi"]
[SourceDate "2010.01.31"]

1. e4 d5 2. exd5 Qxd5 3. Nc3 Qd6 4. d4 a6 5. g3 Nf6 6. Bg2 Bg4 7. Nge2 Nc6 8.
Bf4 Qd7 9. d5 Na7 10. Qd4 g6 11. f3 Bh3 12. Bxh3 Qxh3 13. Bxc7 Bg7 14. Nf4 Qd7
15. Be5 O-O 16. O-O-O Nc8 17. Ne4 Ne8 18. Bxg7 Nxg7 19. g4 Nd6 20. h4 Nxe4 21.
Qxe4 f5 22. Qe5 fxg4 23. Ne6 Rf6 24. Nxg7 Kxg7 25. fxg4 Qxg4 26. Qxe7+ Rf7 27.
Qe5+ Kg8 28. Rd4 Qf5 29. Re1 Rd8 30. b3 Qc8 31. Kb2 Rf5 32. Qe4 Qc5 33. Red1 b5
34. Qe6+ Kg7 35. Qxa6 Rf2 36. R1d2 Rd6 37. Qxd6 Qxd6 38. Rxf2 h6 39. c3 g5 40.
hxg5 hxg5 41. Rg2 b4 42. Rxb4 Qxd5 43. Rbg4 Qd1 44. Rxg5+ Kf6 45. a4 Qd8 46. a5
Qa8 47. b4 Qb7 48. a6 Qd7 49. Ra5 Qa7 50. Re2 Kf7 51. Rae5 Kf6 52. Re7 Qxa6 53.
R7e6+ Qxe6 54. Rxe6+ Kxe6 55. Kb3 Kd5 56. c4+ Kc6 57. Kc3 Kd6 58. Kd4 Kc6 59.
Ke5 Kd7 60. Kd5 Kc7 61. b5 Kd7 62. c5 Kc7 63. Ke6 Kd8 64. Kd6 Kc8 65. b6 Kb7
66. c6+ 1-0

[Event "Gibtelecom Festival 2010 - Challenger 2"]
[Site "Gibraltar ENG"]
[Date "2010.02.02"]
[Round "3.36"]
[White "Seitz, Benjamin"]
[Black "Indrebo, Kyrre"]
[Result "0-1"]
[WhiteElo "2017"]
[BlackElo "1730"]
[PlyCount "40"]
[EventDate "2010.01.31"]
[EventType "swiss"]
[EventRounds "5"]
[EventCountry "ENG"]
[Source "lmi"]
[SourceDate "2010.01.31"]

1. d4 Nf6 2. Nf3 c5 3. c3 g6 4. Bg5 Bg7 5. Nbd2 O-O 6. e3 d6 7. Be2 Nc6 8. dxc5
dxc5 9. Bxf6 exf6 10. O-O f5 11. Nc4 b5 12. Nd6 Qb6 13. Bxb5 Rd8 14. Bc4 Be6
15. Bxe6 fxe6 16. Ng5 Ne5 17. Qb3 Rxd6 18. Rfd1 Rad8 19. Qa4 h6 20. Nh3 Nd3 0-1

[Event "Gibtelecom Festival 2010 - Challenger 2"]
[Site "Gibraltar ENG"]
[Date "2010.02.02"]
[Round "3.37"]
[White "Lake, Andrew N"]
[Black "Odeh, Kenneth"]
[Result "1/2-1/2"]
[WhiteElo "1840"]
[BlackElo "2012"]
[PlyCount "139"]
[EventDate "2010.01.31"]
[EventType "swiss"]
[EventRounds "5"]
[EventCountry "ENG"]
[Source "lmi"]
[SourceDate "2010.01.31"]

1. e4 c6 2. d4 d5 3. Nc3 dxe4 4. Nxe4 Bf5 5. Ng3 Bg6 6. h4 h6 7. Bc4 e6 8. N1e2
Bh7 9. Bb3 Nf6 10. Nc3 Nbd7 11. Qe2 Bb4 12. Bd2 O-O 13. a3 Ba5 14. O-O-O b5 15.
Nce4 Bxd2+ 16. Rxd2 Nd5 17. Nc5 Re8 18. Qf3 a5 19. Nge4 a4 20. Bxd5 cxd5 21.
Nd6 Re7 22. Ncb7 Qc7 23. Qc3 Qxc3 24. bxc3 Nb6 25. Nc5 Rb8 26. Na6 Ra8 27. Nb4
Nc4 28. Nxc4 bxc4 29. Re2 Rc7 30. Rhe1 Kf8 31. Re3 Bf5 32. f3 h5 33. Kd2 Kg8
34. Rg1 Kh7 35. g3 Rcc8 36. Rge1 Kh6 37. Ke2 Rg8 38. Kf2 g5 39. Rg1 gxh4 40.
gxh4 Rxg1 41. Kxg1 Rg8+ 42. Kf2 Bh3 43. Re1 Rg2+ 44. Ke3 Bf5 45. Kf4 Bxc2 46.
Ke3 Rh2 47. Re2 Rxe2+ 48. Kxe2 Bb3 49. Ke3 Kg6 50. Na6 Kf5 51. Nc5 f6 52. f4
Bd1 53. Nd7 Kg4 54. Nxf6+ Kxh4 55. Kf2 Kh3 56. f5 exf5 57. Nxd5 Kh4 58. Ne3 Bb3
59. Nxf5+ Kg5 60. Ne3 Kf4 61. d5 Ke5 62. Kg3 Ba2 63. Kh4 Bb1 64. Kxh5 Bh7 65.
Kg4 Bg8 66. Kg5 Bf7 67. Kg4 Be8 68. Kf3 Bb5 69. Ke2 Ba6 70. Kd2 1/2-1/2

[Event "Gibtelecom Festival 2010 - Challenger 2"]
[Site "Gibraltar ENG"]
[Date "2010.02.02"]
[Round "3.38"]
[White "Mascarenhas, Alberto Pinheiro"]
[Black "Young, Mel J"]
[Result "1-0"]
[WhiteElo "2238"]
[BlackElo "1971"]
[PlyCount "37"]
[EventDate "2010.01.31"]
[EventType "swiss"]
[EventRounds "5"]
[EventCountry "ENG"]
[Source "lmi"]
[SourceDate "2010.01.31"]

1. c4 b6 2. e4 e6 3. Nf3 Bb7 4. Qe2 Qe7 5. Nc3 c6 6. d4 d5 7. Bg5 f6 8. Bf4
dxc4 9. Qxc4 Qd7 10. Qb3 Ba6 11. O-O-O Bd6 12. Bxd6 Qxd6 13. e5 Qd7 14. exf6
gxf6 15. Re1 Kf7 16. g4 Nh6 17. Bh3 Bd3 18. g5 f5 19. Ne5+ 1-0

[Event "Gibtelecom Festival 2010 - Challenger 2"]
[Site "Gibraltar ENG"]
[Date "2010.02.02"]
[Round "3.39"]
[White "Urbina Perez, Juan Antonio"]
[Black "Dennis, Nigel W"]
[Result "1/2-1/2"]
[WhiteElo "2197"]
[BlackElo "1957"]
[PlyCount "79"]
[EventDate "2010.01.31"]
[EventType "swiss"]
[EventRounds "5"]
[EventCountry "ENG"]
[Source "lmi"]
[SourceDate "2010.01.31"]

1. e4 c5 2. Nf3 e6 3. d4 cxd4 4. Nxd4 Nf6 5. Nc3 d6 6. Be3 a6 7. Be2 Qc7 8. Qd2
Be7 9. g4 h6 10. O-O-O Nc6 11. h4 Nxd4 12. Bxd4 e5 13. Be3 Bxg4 14. f3 Be6 15.
Rhg1 g6 16. Bxh6 O-O-O 17. Bg5 d5 18. Bxf6 Bxf6 19. Nxd5 Bxd5 20. exd5 Rxh4 21.
c3 Rd4 22. Qc2 R4xd5 23. Qb3 Rxd1+ 24. Rxd1 Bg5+ 25. Kc2 Rxd1 26. Bxd1 Qd7 27.
Qc4+ Kd8 28. Qd3 Qxd3+ 29. Kxd3 Ke7 30. b4 f5 31. a4 b6 32. a5 bxa5 33. bxa5
Kd6 34. Bb3 Bd8 35. Bc4 Bxa5 36. Bxa6 g5 37. Bc8 e4+ 38. fxe4 fxe4+ 39. Kxe4
Bxc3 40. Kf5 1/2-1/2

[Event "Gibtelecom Festival 2010 - Challenger 2"]
[Site "Gibraltar ENG"]
[Date "2010.02.02"]
[Round "3.40"]
[White "Kvisla, Johannes Luangtep"]
[Black "Murray, J Stephen"]
[Result "1-0"]
[WhiteElo "2161"]
[BlackElo "1927"]
[PlyCount "97"]
[EventDate "2010.01.31"]
[EventType "swiss"]
[EventRounds "5"]
[EventCountry "ENG"]
[Source "lmi"]
[SourceDate "2010.01.31"]

1. Nf3 Nf6 2. c4 e6 3. g3 d5 4. d4 Be7 5. Bg2 O-O 6. O-O c6 7. Qc2 Nbd7 8. Nbd2
b6 9. e4 dxe4 10. Nxe4 Bb7 11. Rd1 Qc8 12. Nc3 Re8 13. Bf4 Nf8 14. Ne5 Ng6 15.
Nxg6 hxg6 16. Rac1 Rd8 17. Qe2 Qd7 18. Be5 Rac8 19. c5 Nd5 20. Ne4 Rf8 21. Bd6
Bxd6 22. Nxd6 Rc7 23. a3 b5 24. b4 a6 25. Re1 Bc8 26. h4 Qd8 27. Qd3 Qf6 28.
Re5 Rd8 29. Rce1 Bd7 30. h5 gxh5 31. Rxh5 g6 32. Rhe5 Kg7 33. Bxd5 cxd5 34.
R1e3 Rf8 35. Rf3 Qd8 36. Kg2 Bc6 37. Re1 Rh8 38. Qe3 Rh5 39. Rh1 Rxh1 40. Kxh1
Re7 41. Qe5+ Kg8 42. Kg2 Qf8 43. Rf4 Qg7 44. Qg5 Rd7 45. Ne8 Qf8 46. Nf6+ Kg7
47. Rh4 Qe7 48. Rh7+ Kf8 49. Qh6# 1-0

[Event "Gibtelecom Festival 2010 - Challenger 2"]
[Site "Gibraltar ENG"]
[Date "2010.02.02"]
[Round "3.41"]
[White "Gunnesdal, Lars"]
[Black "Rough, Robert E"]
[Result "1-0"]
[WhiteElo "2125"]
[BlackElo "1811"]
[PlyCount "83"]
[EventDate "2010.01.31"]
[EventType "swiss"]
[EventRounds "5"]
[EventCountry "ENG"]
[Source "lmi"]
[SourceDate "2010.01.31"]

1. e4 e5 2. Nf3 d6 3. Bc4 Be7 4. O-O Nf6 5. Re1 O-O 6. d4 exd4 7. Nxd4 Nc6 8.
Nc3 Nxd4 9. Qxd4 Nd7 10. Bf4 Bf6 11. Qd2 Ne5 12. Bb3 Be6 13. Bg3 Bxb3 14. axb3
Nc6 15. Rad1 Re8 16. Nd5 Rc8 17. b4 a6 18. c3 Bh4 19. Re3 Bxg3 20. Rxg3 Re6 21.
Re1 Rg6 22. Ree3 Ne5 23. Qe2 Qh4 24. Rh3 Qg4 25. Qxg4 Nxg4 26. Ne7+ Kf8 27.
Nxg6+ fxg6 28. Reg3 Nh6 29. f4 Re8 30. Re3 Nf7 31. Rhf3 g5 32. g3 g4 33. Rf2
Kg8 34. Rd2 c6 35. c4 Kf8 36. Kf2 h5 37. c5 Ke7 38. Red3 Rd8 39. Ke3 g5 40.
cxd6+ Kd7 41. e5 gxf4+ 42. gxf4 1-0

[Event "Gibtelecom Festival 2010 - Challenger 2"]
[Site "Gibraltar ENG"]
[Date "2010.02.02"]
[Round "3.42"]
[White "Chidi, Lovinia Sylvia"]
[Black "Osttveit, Martin"]
[Result "0-1"]
[WhiteElo "1832"]
[BlackElo "2069"]
[PlyCount "52"]
[EventDate "2010.01.31"]
[EventType "swiss"]
[EventRounds "5"]
[EventCountry "ENG"]
[Source "lmi"]
[SourceDate "2010.01.31"]

1. e4 d6 2. Nf3 Nf6 3. Nc3 c6 4. d4 Nbd7 5. a4 e5 6. d5 Qa5 7. Bd2 Qc7 8. Bd3
Be7 9. O-O h6 10. h3 Nf8 11. Ne2 cxd5 12. Ng3 dxe4 13. Nxe4 Nxe4 14. Bxe4 Be6
15. c3 Nd7 16. Bc2 O-O 17. Re1 Rac8 18. Nh2 d5 19. b4 e4 20. Rc1 Bd6 21. Nf1 f5
22. Be3 f4 23. Bd4 Ne5 24. Bxe5 Bxe5 25. c4 dxc4 26. Qh5 Bb2 0-1

[Event "Gibtelecom Festival 2010 - Challenger 2"]
[Site "Gibraltar ENG"]
[Date "2010.02.02"]
[Round "3.43"]
[White "Cafolla, Peter"]
[Black "Kympergr, Vojtech"]
[Result "1-0"]
[WhiteElo "2042"]
[BlackElo "1599"]
[PlyCount "41"]
[EventDate "2010.01.31"]
[EventType "swiss"]
[EventRounds "5"]
[EventCountry "ENG"]
[Source "lmi"]
[SourceDate "2010.01.31"]

1. d4 Nf6 2. c4 g6 3. Nc3 Bg7 4. e4 d6 5. Be2 O-O 6. Nf3 c5 7. d5 Nbd7 8. O-O
a6 9. Qc2 Nb6 10. Nd2 Bg4 11. Bxg4 Nxg4 12. Rb1 Ne5 13. b3 f5 14. exf5 Rxf5 15.
f4 Ng4 16. Nf3 Ne3 17. Bxe3 Qf8 18. Ne2 Re8 19. Ng3 Rf7 20. Ng5 Rf6 21. N3e4
1-0